000 00320nam a22001337a 4500
008 171020b xxu||||| |||| 00| 0 eng d
020 _a9780834210219
041 _aeng
080 _a338
100 _a54
101 _aMNG
245 _aPRINCIPLES AND PRACTICE OF SPORT MANAGEMENT
_cMASTERALEXIS, L.P
942 _2udc
_cBK
999 _c35201
_d35201